Chile City Quiz - Statistics

General Stats
  • This quiz has been taken 52 times
  • The average score is 7 of 10
Answer Stats
City % Correct
Santiago
100%
Valparaiso
93%
Arica
79%
Concepcion
79%
Antofagasta
77%
La Serena
65%
Iquique
63%
Temuco
56%
Talca
51%
Rancagua
47%
No matching quizzes found
Score Distribution
Percent of People with Each Score
Percentile by Number Answered
Your Score History
You have not taken this quiz